[Event "ROM-ch U10 Girls"]
[Site "Calimanesti"]
[Date "2014.04.13"]
[Round "9"]
[White "Nicula, Delia Maria"]
[Black "Pisu, Bianca"]
[Result "1-0"]
[WhiteElo "1001"]
[BlackElo "1001"]
[PlyCount "33"]
[EventDate "2014.04.06"]
[EventType "swiss"]
[EventRounds "9"]
[EventCountry "ROU"]
[SourceTitle "CBM 160 Extra"]
[Source "ChessBase"]
[SourceDate "2014.07.01"]
[SourceVersion "1"]
[SourceVersionDate "2014.07.01"]
[SourceQuality "1"]

1. e4 e5 2. Nf3 Nc6 3. d4 d6 4. d5 Nce7 5. Nc3 c6 6. Bc4 cxd5 7. exd5 Bg4 8. Bg5 Bxf3 9. Qxf3 a6 10. 0-0-0 Qc7 11. Bb3 b5 12. a4 b4 13. Ne4 Qb7 14. Nxd6+ Kd8 15. Nxb7+ Ke8 16. d6 a5 17. d7# 1-0